|
|
|
|
| LEADER |
02389nam a2200385 a 4500 |
| 001 |
12370044 |
| 008 |
100621r20082001mau b 001 0 eng d |
| 010 |
|
|
|a \\2001031277
|
| 020 |
|
|
|a 0262032937 (hc. : alk. paper)
|
| 020 |
|
|
|a 9788120321410
|
| 040 |
|
|
|a DLC
|c DLC
|d BD-DhAAL
|
| 082 |
0 |
0 |
|a 005.1
|2 21
|
| 245 |
0 |
0 |
|a Introduction to algorithms /
|c Thomas H. Cormen ... [et al.].
|
| 246 |
3 |
0 |
|a Algorithms
|
| 250 |
|
|
|a 2nd ed.
|
| 260 |
|
|
|a Cambridge, Mass. :
|b MIT Press ;
|a New Delhi :
|b Prentice Hall of India Privavte. Ltd.,
|c c2001 [reprinted 2008].
|
| 300 |
|
|
|a xxi, 1180 p. cm.
|
| 500 |
|
|
|a Rev. ed. of: Introduction to algorithms / Thomas H. Cormen, Charles E. Leiserson, Ronald L. Rivest. c1990.
|
| 504 |
|
|
|a Includes bibliographical references (p. [1127]-1130) and index.
|
| 541 |
1 |
|
|e 00017888
|
| 650 |
|
0 |
|a Computer programming.
|
| 650 |
|
0 |
|a Computer algorithms.
|
| 700 |
1 |
|
|a Cormen, Thomas H.
|
| 700 |
1 |
|
|a Leiserson, Charles E.
|
| 700 |
1 |
|
|a Rivest, Ronald L.
|
| 700 |
1 |
|
|a Stein, Clifford.
|
| 852 |
4 |
|
|a Ayesha Abed Library
|j General Shelf
|
| 942 |
0 |
0 |
|0 3
|
| 999 |
|
|
|c 9039
|d 9039
|
| 952 |
|
|
|0 0
|1 4
|2 ddc
|4 0
|6 005_100000000000000_INT
|7 0
|9 11162
|a BRACUL
|b BRACUL
|c GEN
|d 2010-06-22
|g 630.00
|l 0
|o 005.1 INT
|p 3010017888
|r 2010-06-22
|t 1
|w 2010-06-22
|y BK
|x Koha Inventory 2020
|
| 952 |
|
|
|0 0
|1 0
|2 ddc
|4 0
|6 005_100000000000000_INT
|7 0
|9 13194
|a BRACUL
|b BRACUL
|c GEN
|d 2010-11-08
|l 26
|m 239
|o 005.1 INT
|p 3010012265
|r 2025-06-21
|s 2025-04-20
|t 2
|w 2010-11-08
|y BK
|x Price not available in Register
|
| 952 |
|
|
|0 0
|1 3
|2 ddc
|4 0
|6 005_100000000000000_INT
|7 0
|9 14766
|a BRACUL
|b BRACUL
|c GEN
|d 2011-03-19
|l 19
|m 176
|o 005.1 INT
|p 3010010548
|r 2023-01-25
|s 2019-09-25
|t 3
|w 2011-03-19
|y BK
|x Paid a replacement cost (Money Receipt No. 52062; Date: 25/01/2023)
|
| 952 |
|
|
|0 0
|1 0
|2 ddc
|4 0
|6 005_100000000000000_INT
|7 0
|9 15859
|a BRACUL
|b BRACUL
|c GEN
|d 2011-03-27
|l 27
|m 253
|o 005.1 INT
|p 3010012264
|r 2025-12-14
|s 2025-11-10
|t 4
|w 2011-03-27
|y BK
|x Price not available in Register
|
| 952 |
|
|
|0 0
|1 3
|2 ddc
|4 0
|6 005_100000000000000_INT
|7 0
|9 15860
|a BRACUL
|b BRACUL
|c GEN
|d 2011-03-27
|g 630.00
|l 8
|m 121
|o 005.1 INT
|p 3010010544
|r 2019-10-09
|s 2016-08-31
|t 5
|w 2011-03-27
|y BK
|x Book lost and cost paid BDT-1260/- (Barcode 3010010544, ID: 12301023, Money Receipt No: 39890, Date: 09-10-2019)
|
| 952 |
|
|
|0 0
|1 0
|2 ddc
|4 0
|6 005_100000000000000_INT
|7 0
|9 16088
|a BRACUL
|b BRACUL
|c GEN
|d 2011-04-17
|l 20
|m 89
|o 005.1 INT
|p 3010010546
|r 2024-12-08
|s 2020-02-19
|t 6
|w 2011-04-17
|y BK
|